000 00659nam a2200205Ii 4500
003 JO-AjNU
008 230605s9999||||xx |||||||||||||| ||und||
017 _a1975/5171
040 _aJO-AjNU
_bara
_erda
_cJO-AjNU
041 _aara
050 1 4 _aBP173.25.M87 1975
100 3 _aحسنين، مصطفى محمد,
_eauthor
_916335
245 0 0 _aالمدخل الى المدرسة الإسلامية في علم الإجتماع
264 3 1 _aد.م:د.ن، 1975
300 _a189ص
336 _atext
_btxt
_2rdacontent
337 _aunmediated
_bn
_2rdamedia
338 _avolume
_bnc
_2rdacarrier
650 4 _aعلم الاجتماع الاسلامي
_916336
999 _aA4816
_c8384
_d8384